Preston North End League Players Since 2014 - Statistics

General Stats
  • This quiz has been taken 29 times
  • The average score is 148 of 289
Answer Stats
% Correct
2023/24 (Championship - 10th) England CM 27 Ben Whiteman 29 3
79%
2022/23 (Championship - 12th) England CM 26 Ben Whiteman 36 3
79%
2021/22 (Championship - 13th) England CM 25 Ben Whiteman 44 4
79%
2020/21 (Championship - 13th) England CM 24 Ben Whiteman 23 1
79%
2023/24 (Championship - 10th) England RB 29 Brad Potts 31 2
79%
2022/23 (Championship - 12th) England RB 27 Brad Potts 39 4
79%
2021/22 (Championship - 13th) England RB 26 Brad Potts 35 1
79%
2020/21 (Championship - 13th) England RB 25 Brad Potts 42 5
79%
2019/20 (Championship - 9th) England RB 24 Brad Potts 32 2
79%
2018/19 (Championship - 14th) England RB 23 Brad Potts 10 2
79%
2022/23 (Championship - 12th) Jamaica AM 29 Daniel Johnson 34 1
79%
2021/22 (Championship - 13th) Jamaica AM 28 Daniel Johnson 41 7
79%
2020/21 (Championship - 13th) Jamaica AM 27 Daniel Johnson 33 4
79%
2019/20 (Championship - 9th) Jamaica AM 26 Daniel Johnson 33 12
79%
2018/19 (Championship - 14th) Jamaica AM 25 Daniel Johnson 35 6
79%
2017/18 (Championship - 7th) Jamaica AM 24 Daniel Johnson 33 3
79%
2016/17 (Championship - 11th) Jamaica AM 23 Daniel Johnson 40 4
79%
2015/16 (Championship - 11th) Jamaica AM 22 Daniel Johnson 43 8
79%
2014/15 (League One - 3rd) Jamaica AM 21 Daniel Johnson 20 8
79%
2023/24 (Championship - 10th) United States AM 29 Duane Holmes 35 4
79%
2023/24 (Championship - 10th) England GK 27 Freddie Woodman 44
79%
2022/23 (Championship - 12th) England GK 25 Freddie Woodman 46
79%
2023/24 (Championship - 10th) Scotland CB 28 Liam Lindsay 46 3
79%
2022/23 (Championship - 12th) Scotland CB 26 Liam Lindsay 37
79%
2021/22 (Championship - 13th) Scotland CB 25 Liam Lindsay 15
79%
2020/21 (Championship - 13th) Scotland CB 24 Liam Lindsay 13 2
79%
2023/24 (Championship - 10th) Ireland ST 31 Will Keane 38 13
79%
2015/16 (Championship - 11th) Ireland ST 22 Will Keane 20 1
79%
2023/24 (Championship - 10th) Ireland CM 29 Alan Browne 41 4
74%
2022/23 (Championship - 12th) Ireland CM 27 Alan Browne 36 1
74%
2021/22 (Championship - 13th) Ireland CM 26 Alan Browne 39 5
74%
2020/21 (Championship - 13th) Ireland CM 25 Alan Browne 38 4
74%
2019/20 (Championship - 9th) Ireland CM 24 Alan Browne 43 4
74%
2018/19 (Championship - 14th) Ireland CM 23 Alan Browne 38 12
74%
2017/18 (Championship - 7th) Ireland CM 22 Alan Browne 44 6
74%
2016/17 (Championship - 11th) Ireland CM 21 Alan Browne 31
74%
2015/16 (Championship - 11th) Ireland CM 20 Alan Browne 36 3
74%
2014/15 (League One - 3rd) Ireland CM 19 Alan Browne 20 3
74%
2023/24 (Championship - 10th) Wales CB 31 Andrew Hughes 39 1
74%
2022/23 (Championship - 12th) Wales CB 30 Andrew Hughes 30 2
74%
2021/22 (Championship - 13th) Wales CB 29 Andrew Hughes 40 1
74%
2020/21 (Championship - 13th) Wales CB 28 Andrew Hughes 34
74%
2019/20 (Championship - 9th) Wales CB 27 Andrew Hughes 28
74%
2018/19 (Championship - 14th) Wales CB 26 Andrew Hughes 32 3
74%
2023/24 (Championship - 10th) Denmark ST 25 Emil Riis 21 6
74%
2022/23 (Championship - 12th) Denmark ST 24 Emil Riis 24 5
74%
2021/22 (Championship - 13th) Denmark ST 23 Emil Riis 44 16
74%
2020/21 (Championship - 13th) Denmark ST 22 Emil Riis 38 2
74%
2023/24 (Championship - 10th) England CB 26 Jordan Storey 41
74%
2022/23 (Championship - 12th) England CB 24 Jordan Storey 44 2
74%
2021/22 (Championship - 13th) England CB 23 Jordan Storey 17
74%
2020/21 (Championship - 13th) England CB 22 Jordan Storey 30 1
74%
2019/20 (Championship - 9th) England CB 21 Jordan Storey 10
74%
2018/19 (Championship - 14th) England CB 20 Jordan Storey 28 2
74%
2023/24 (Championship - 10th) Montenegro ST 24 Milutin Osmajic 36 8
74%
2023/24 (Championship - 10th) Germany CB 31 Patrick Bauer 1
74%
2022/23 (Championship - 12th) Germany CB 29 Patrick Bauer 6
74%
2021/22 (Championship - 13th) Germany CB 28 Patrick Bauer 34 2
74%
2020/21 (Championship - 13th) Germany CB 27 Patrick Bauer 12 1
74%
2019/20 (Championship - 9th) Germany CB 26 Patrick Bauer 41 3
74%
2023/24 (Championship - 10th) Ireland LM 32 Robbie Brady 32 1
74%
2022/23 (Championship - 12th) Ireland LM 30 Robbie Brady 34
74%
2023/24 (Championship - 10th) Northern Ireland CM 24 Ali McCann 31
68%
2022/23 (Championship - 12th) Northern Ireland CM 22 Ali McCann 31
68%
2021/22 (Championship - 13th) England CM 21 Ali McCann 28 1
68%
2018/19 (Championship - 14th) Ireland ST 23 Callum Robinson 27 12
68%
2017/18 (Championship - 7th) Ireland ST 22 Callum Robinson 41 8
68%
2016/17 (Championship - 11th) Ireland ST 21 Callum Robinson 42 10
68%
2015/16 (Championship - 11th) Ireland ST 20 Callum Robinson 14 2
68%
2014/15 (League One - 3rd) Ireland ST 19 Callum Robinson 25 4
68%
2023/24 (Championship - 10th) Wales ST 35 Ched Evans 18
68%
2022/23 (Championship - 12th) Wales ST 33 Ched Evans 26 9
68%
2021/22 (Championship - 13th) Wales ST 32 Ched Evans 23 2
68%
2020/21 (Championship - 13th) Wales ST 31 Ched Evans 21 5
68%
2023/24 (Championship - 10th) Ireland CB 33 Greg Cunningham 12
68%
2022/23 (Championship - 12th) Ireland CB 31 Greg Cunningham 22 2
68%
2021/22 (Championship - 13th) Ireland CB 30 Greg Cunningham 21
68%
2020/21 (Championship - 13th) Ireland CB 29 Greg Cunningham 11 1
68%
2017/18 (Championship - 7th) Ireland CB 26 Greg Cunningham 20 1
68%
2016/17 (Championship - 11th) Ireland CB 25 Greg Cunningham 40 1
68%
2015/16 (Championship - 11th) Ireland CB 24 Greg Cunningham 43 2
68%
2023/24 (Championship - 10th) Canada LW 24 Liam Millar 35 5
68%
2023/24 (Championship - 10th) Denmark AM 24 Mads Frokjaer-Jensen 41 3
68%
2022/23 (Championship - 12th) Spain LB 19 Alvaro Fernandez 39
63%
2020/21 (Championship - 13th) England DM 25 Ben Pearson 9
63%
2019/20 (Championship - 9th) England DM 24 Ben Pearson 38 1
63%
2018/19 (Championship - 14th) England DM 23 Ben Pearson 30
63%
2017/18 (Championship - 7th) England DM 22 Ben Pearson 35
63%
2016/17 (Championship - 11th) England DM 21 Ben Pearson 31 1
63%
2015/16 (Championship - 11th) England DM 20 Ben Pearson 15
63%
2023/24 (Championship - 10th) Wales AM 24 Ben Woodburn 21
63%
2022/23 (Championship - 12th) Wales AM 22 Ben Woodburn 38 1
63%
2021/22 (Championship - 13th) Denmark GK 23 Daniel Iversen 46
63%
2020/21 (Championship - 13th) Denmark GK 22 Daniel Iversen 23
63%
2023/24 (Championship - 10th) Wales GK 33 David Cornell 2
63%
2021/22 (Championship - 13th) England GK 30 Declan Rudd 1
58%
2020/21 (Championship - 13th) England GK 29 Declan Rudd 22
58%
2019/20 (Championship - 9th) England GK 28 Declan Rudd 46
58%
2018/19 (Championship - 14th) England GK 27 Declan Rudd 36
58%
2017/18 (Championship - 7th) England GK 26 Declan Rudd 16
58%
2016/17 (Championship - 11th) England ST 28 Joe Garner 2
58%
2015/16 (Championship - 11th) England ST 27 Joe Garner 41 6
58%
2014/15 (League One - 3rd) England ST 26 Joe Garner 37 25
58%
2015/16 (Championship - 11th) England GK 21 Jordan Pickford 24
58%
2020/21 (Championship - 13th) Scotland CM 35 Paul Gallagher 13
58%
2019/20 (Championship - 9th) Scotland CM 34 Paul Gallagher 33 6
58%
2018/19 (Championship - 14th) Scotland CM 33 Paul Gallagher 40 6
58%
2017/18 (Championship - 7th) Scotland CM 32 Paul Gallagher 32 2
58%
2016/17 (Championship - 11th) Scotland CM 31 Paul Gallagher 31 1
58%
2015/16 (Championship - 11th) Scotland CM 30 Paul Gallagher 41 5
58%
2014/15 (League One - 3rd) Scotland CM 29 Paul Gallagher 46 7
58%
2021/22 (Championship - 13th) England CB 33 Paul Huntington 1
58%
2020/21 (Championship - 13th) England CB 32 Paul Huntington 21
58%
2019/20 (Championship - 9th) England CB 31 Paul Huntington 9
58%
2018/19 (Championship - 14th) England CB 30 Paul Huntington 22
58%
2017/18 (Championship - 7th) England CB 29 Paul Huntington 44 1
58%
2016/17 (Championship - 11th) England CB 28 Paul Huntington 33 1
58%
2015/16 (Championship - 11th) England CB 27 Paul Huntington 38
58%
2014/15 (League One - 3rd) England CB 26 Paul Huntington 32 5
58%
2023/24 (Championship - 10th) England CM 26 Ryan Ledson 27
58%
2022/23 (Championship - 12th) England CM 24 Ryan Ledson 40 1
58%
2021/22 (Championship - 13th) England CM 23 Ryan Ledson 25
58%
2020/21 (Championship - 13th) England CM 22 Ryan Ledson 36 2
58%
2019/20 (Championship - 9th) England CM 21 Ryan Ledson 13
58%
2018/19 (Championship - 14th) England CM 20 Ryan Ledson 24
58%
2015/16 (Championship - 11th) England GK 22 Sam Johnstone 4
58%
2014/15 (League One - 3rd) England GK 21 Sam Johnstone 22
58%
2016/17 (Championship - 11th) Jamaica ST 32 Jermaine Beckford 18 1
53%
2015/16 (Championship - 11th) Jamaica ST 31 Jermaine Beckford 10 2
53%
2014/15 (League One - 3rd) Jamaica ST 30 Jermaine Beckford 23 12
53%
2017/18 (Championship - 7th) England ST 25 Jordan Hugill 27 8
53%
2016/17 (Championship - 11th) England ST 24 Jordan Hugill 44 12
53%
2015/16 (Championship - 11th) England ST 23 Jordan Hugill 29 3
53%
2014/15 (League One - 3rd) England ST 22 Jordan Hugill 3
53%
2020/21 (Championship - 13th) England AM 24 Josh Harrop 5
53%
2019/20 (Championship - 9th) England AM 23 Josh Harrop 32 5
53%
2018/19 (Championship - 14th) England AM 22 Josh Harrop 8
53%
2017/18 (Championship - 7th) England AM 21 Josh Harrop 38 2
53%
2021/22 (Championship - 13th) Netherlands CB 19 Sepp van den Berg 45 1
53%
2020/21 (Championship - 13th) Netherlands CB 18 Sepp van den Berg 16
53%
2022/23 (Championship - 12th) Ireland ST 19 Tom Cannon 20 8
53%
2020/21 (Championship - 13th) England LW 19 Anthony Gordon 11
47%
2016/17 (Championship - 11th) Australia CB 23 Bailey Wright 18
47%
2015/16 (Championship - 11th) Australia CB 22 Bailey Wright 38
47%
2014/15 (League One - 3rd) Australia CB 21 Bailey Wright 27 1
47%
2022/23 (Championship - 12th) Spain CB 24 Bambo Diaby 17
47%
2021/22 (Championship - 13th) Spain CB 23 Bambo Diaby 7
47%
2023/24 (Championship - 10th) Scotland RB 20 Calvin Ramsay 2
47%
2021/22 (Championship - 13th) England ST 19 Cameron Archer 20 7
47%
2020/21 (Championship - 13th) England ST 26 Jayden Stockley 16 1
47%
2019/20 (Championship - 9th) England ST 25 Jayden Stockley 32 4
47%
2018/19 (Championship - 14th) England ST 24 Jayden Stockley 17 3
47%
2023/24 (Championship - 10th) England LB 18 Kian Best 12
47%
2018/19 (Championship - 14th) Germany ST 19 Lukas Nmecha 41 3
47%
2017/18 (Championship - 7th) Belgium LB 25 Marnick Vermijl 2
47%
2016/17 (Championship - 11th) Belgium LB 24 Marnick Vermijl 18 2
47%
2015/16 (Championship - 11th) Belgium LB 23 Marnick Vermijl 28 2
47%
2023/24 (Championship - 10th) England DM 19 Noah Mawene 7
47%
2022/23 (Championship - 12th) England DM 17 Noah Mawene 1
47%
2021/22 (Championship - 13th) England LW 32 Scott Sinclair 23
47%
2020/21 (Championship - 13th) England LW 31 Scott Sinclair 37 9
47%
2019/20 (Championship - 9th) England LW 30 Scott Sinclair 18 3
47%
2022/23 (Championship - 12th) Ireland ST 28 Sean Maguire 10
47%
2021/22 (Championship - 13th) Ireland ST 27 Sean Maguire 26 1
47%
2020/21 (Championship - 13th) Ireland ST 26 Sean Maguire 29 3
47%
2019/20 (Championship - 9th) Ireland ST 25 Sean Maguire 44 5
47%
2018/19 (Championship - 14th) Ireland ST 24 Sean Maguire 26 3
47%
2017/18 (Championship - 7th) Ireland ST 23 Sean Maguire 24 10
47%
2023/24 (Championship - 10th) England CB 16 Theo Mawene 1
47%
2019/20 (Championship - 9th) England CB 31 Tom Clarke 10
47%
2018/19 (Championship - 14th) England CB 30 Tom Clarke 21 1
47%
2017/18 (Championship - 7th) England CB 29 Tom Clarke 18 2
47%
2016/17 (Championship - 11th) England CB 28 Tom Clarke 42 4
47%
2015/16 (Championship - 11th) England CB 27 Tom Clarke 35
47%
2014/15 (League One - 3rd) England CB 26 Tom Clarke 43 1
47%
2016/17 (Championship - 11th) Ireland LW 30 Aiden McGeady 34 8
42%
2020/21 (Championship - 13th) England CB 24 Ben Davies 19
42%
2019/20 (Championship - 9th) England CB 23 Ben Davies 36
42%
2018/19 (Championship - 14th) England CB 22 Ben Davies 40 1
42%
2017/18 (Championship - 7th) England CB 21 Ben Davies 34 1
42%
2014/15 (League One - 3rd) England CB 18 Ben Davies 4
42%
2018/19 (Championship - 14th) Wales GK 27 Chris Maxwell 8
42%
2017/18 (Championship - 7th) Wales GK 26 Chris Maxwell 30
42%
2016/17 (Championship - 11th) Wales GK 25 Chris Maxwell 38
42%
2020/21 (Championship - 13th) England RB 26 Darnell Fisher 14 1
42%
2019/20 (Championship - 9th) England RB 25 Darnell Fisher 28
42%
2018/19 (Championship - 14th) England RB 24 Darnell Fisher 35
42%
2017/18 (Championship - 7th) England RB 23 Darnell Fisher 34
42%
2023/24 (Championship - 10th) England CB 27 Jack Whatmough 22
42%
2021/22 (Championship - 13th) Ireland RB 27 Joe Rafferty 5
42%
2020/21 (Championship - 13th) Ireland RB 26 Joe Rafferty 22
42%
2019/20 (Championship - 9th) Ireland RB 25 Joe Rafferty 29 1
42%
2018/19 (Championship - 14th) Ireland RB 24 Joe Rafferty 6
42%
2021/22 (Championship - 13th) England LB 22 Josh Earl 29 1
42%
2020/21 (Championship - 13th) England LB 21 Josh Earl 5
42%
2018/19 (Championship - 14th) England LB 19 Josh Earl 14
42%
2017/18 (Championship - 7th) England LB 18 Josh Earl 19
42%
2014/15 (League One - 3rd) England ST 37 Kevin Davies 32 1
42%
2023/24 (Championship - 10th) England ST 21 Layton Stewart 16
42%
2014/15 (League One - 3rd) England LB 26 Scott Laird 31
42%
2014/15 (League One - 3rd) Gibraltar RB 28 Scott Wiseman 22 2
42%
2021/22 (Championship - 13th) England LW 27 Tom Barkhuizen 13
42%
2020/21 (Championship - 13th) England LW 26 Tom Barkhuizen 45 4
42%
2019/20 (Championship - 9th) England LW 25 Tom Barkhuizen 44 9
42%
2018/19 (Championship - 14th) England LW 24 Tom Barkhuizen 34 6
42%
2017/18 (Championship - 7th) England LW 23 Tom Barkhuizen 46 8
42%
2016/17 (Championship - 11th) England LW 22 Tom Barkhuizen 17 6
42%
2020/21 (Championship - 13th) Wales RW 28 Billy Bodin 4
37%
2019/20 (Championship - 9th) Wales RW 27 Billy Bodin 18 2
37%
2017/18 (Championship - 7th) Wales RW 25 Billy Bodin 17 1
37%
2016/17 (Championship - 11th) Ireland ST 28 Eoin Doyle 11 1
37%
2015/16 (Championship - 11th) Ireland ST 27 Eoin Doyle 28 3
37%
2014/15 (League One - 3rd) England GK 25 Jamie Jones 17
37%
2017/18 (Championship - 7th) England CM 33 John Welsh 9
37%
2016/17 (Championship - 11th) England CM 32 John Welsh 6
37%
2015/16 (Championship - 11th) England CM 31 John Welsh 24
37%
2014/15 (League One - 3rd) England CM 30 John Welsh 32
37%
2021/22 (Championship - 13th) England LW 26 Josh Murphy 12
37%
2022/23 (Championship - 12th) England ST 19 Liam Delap 15 1
37%
2015/16 (Championship - 11th) Australia DM 29 Neil Kilkenny 13 1
37%
2014/15 (League One - 3rd) Australia DM 28 Neil Kilkenny 35
37%
2016/17 (Championship - 11th) Denmark ST 25 Simon Makienok 25 3
37%
2016/17 (Championship - 11th) Scotland ST 23 Stevie May 4 1
37%
2015/16 (Championship - 11th) Scotland ST 22 Stevie May 7
37%
2014/15 (League One - 3rd) Germany GK 33 Thorsten Stuckmann 7
37%
2022/23 (Championship - 12th) Ireland ST 20 Troy Parrott 32 3
37%
2016/17 (Championship - 11th) Denmark GK 32 Anders Lindegaard 8
32%
2015/16 (Championship - 11th) Denmark GK 31 Anders Lindegaard 14
32%
2019/20 (Championship - 9th) England LW 20 Andre Green 4
32%
2017/18 (Championship - 7th) Ireland CB 26 Andy Boyle 3
32%
2016/17 (Championship - 11th) Ireland CB 25 Andy Boyle 7
32%
2018/19 (Championship - 14th) England RB 31 Calum Woods 1
32%
2017/18 (Championship - 7th) England RB 30 Calum Woods 16
32%
2015/16 (Championship - 11th) England RB 28 Calum Woods 32
32%
2014/15 (League One - 3rd) England RB 27 Calum Woods 18
32%
2018/19 (Championship - 14th) Ireland LM 25 Daryl Horgan 1
32%
2017/18 (Championship - 7th) Ireland LM 24 Daryl Horgan 20 1
32%
2016/17 (Championship - 11th) Ireland LM 23 Daryl Horgan 19 2
32%
2019/20 (Championship - 9th) England ST 34 David Nugent 24 1
32%
2018/19 (Championship - 14th) England LW 15 Ethan Walker 1
32%
2020/21 (Championship - 13th) Ireland CM 20 Jayson Molumby 15
32%
2015/16 (Championship - 11th) England CM 19 Josh Brownhill 3
32%
2014/15 (League One - 3rd) England CM 18 Josh Brownhill 18 2
32%
2019/20 (Championship - 9th) England LW 22 Josh Ginnelly 1
32%
2018/19 (Championship - 14th) England LW 21 Josh Ginnelly 5
32%
2023/24 (Championship - 10th) Ireland RB 19 Josh Seary 4
32%
2017/18 (Championship - 7th) Ireland LB 22 Kevin O'Connor 8
32%
2015/16 (Championship - 11th) England LW 27 Kyel Reid 1
32%
2014/15 (League One - 3rd) England LW 26 Kyel Reid 14
32%
2019/20 (Championship - 9th) England ST 27 Louis Moult 2 1
32%
2018/19 (Championship - 14th) England ST 26 Louis Moult 24 4
32%
2017/18 (Championship - 7th) England ST 25 Louis Moult 10 2
32%
2021/22 (Championship - 13th) United States RB 23 Matthew Olosunde 2
32%
2017/18 (Championship - 7th) England LW 19 Stephy Mavididi 10
32%
2020/21 (Championship - 13th) England CM 21 Tom Bayliss 11 1
32%
2019/20 (Championship - 9th) England CM 20 Tom Bayliss 1
32%
2016/17 (Championship - 11th) China CB 22 Tyias Browning 8
32%
2015/16 (Championship - 11th) England LM 22 Adam Reach 35 4
26%
2014/15 (League One - 3rd) Northern Ireland ST 25 Andy Little 12 1
26%
2016/17 (Championship - 11th) Jamaica RM 28 Chris Humphrey 10
26%
2015/16 (Championship - 11th) Jamaica RM 27 Chris Humphrey 10
26%
2014/15 (League One - 3rd) Jamaica RM 26 Chris Humphrey 44 4
26%
2015/16 (Championship - 11th) England GK 34 Chris Kirkland 5
26%
2020/21 (Championship - 13th) England GK 27 Connor Ripley 1
26%
2018/19 (Championship - 14th) England GK 25 Connor Ripley 2
26%
2014/15 (League One - 3rd) Northern Ireland LB 28 David Buchanan 17
26%
2022/23 (Championship - 12th) England ST 17 Finlay Cross-Adair 4
26%
2018/19 (Championship - 14th) Ireland SS 24 Graham Burke 12 1
26%
2022/23 (Championship - 12th) England CM 25 Josh Onomah 13
26%
2022/23 (Championship - 12th) England RW 18 Mikey O'Neill 3
26%
2021/22 (Championship - 13th) England RW 17 Mikey O'Neill 3
26%
2016/17 (Championship - 11th) England LM 26 Ben Pringle 10
21%
2018/19 (Championship - 14th) England LW 21 Brandon Barker 16
21%
2021/22 (Championship - 13th) England ST 28 Connor Wickham 1
21%
2022/23 (Championship - 12th) England LB 17 Jacob Slater 1
21%
2021/22 (Championship - 13th) England ST 18 Joe Rodwell-Grant 1
21%
2015/16 (Championship - 11th) England GK 16 Mathew Hudson 1
21%
2015/16 (Championship - 11th) Ireland CB 32 Paddy McCarthy 1
21%
2017/18 (Championship - 7th) England LB 29 Tommy Spurr 5
21%
2016/17 (Championship - 11th) England LB 28 Tommy Spurr 17 1
21%
2014/15 (League One - 3rd) Ireland LM 20 Will Hayhurst 7
21%
2018/19 (Championship - 14th) Ireland CM 17 Adam O'Reilly 1
16%
2016/17 (Championship - 11th) England CB 30 Alex Baptiste 24 3
16%
2014/15 (League One - 3rd) England DM 28 Jack King 18 1
16%
2014/15 (League One - 3rd) England ST 18 Jack Ryan 1
16%
2022/23 (Championship - 12th) England CM 18 Lewis Leigh 1
16%
2016/17 (Championship - 11th) England RB 21 Liam Grimshaw 5
16%
2014/15 (League One - 3rd) England ST 28 Sylvan Ebanks-Blake 9 1
16%
2017/18 (Championship - 7th) England ST 17 Connor Simpson 1
11%
No matching quizzes found
Score Distribution
Percent of People with Each Score
Percentile by Number Answered
Your Score History
You have not taken this quiz